[Event "BL 2018-19"]
[Site "Berlin"]
[Date "2019.03.10"]
[Round "13.12"]
[White "Abel, Dennes"]
[Black "Kovalenko, Igor"]
[Result "0-1"]
[WhiteElo "2465"]
[BlackElo "2644"]
[Annotator "TA"]
[PlyCount "256"]
[EventDate "2018.11.10"]
[EventType "team-tourn"]
[EventCountry "GER"]
[SourceTitle "playchess.com"]
[Source "ChessBase"]
[SourceQuality "1"]
[WhiteTeam "SF Berlin"]
[BlackTeam "Viernheim"]

{[%evp 18,256,14,7,10,6,19,-14,-8,-3,-6,-23,0,0,0,0,0,-5,-5,-5,0,-6,0,-1,0,0,0,0,0,0,0,0,0,0,0,0,0,0,0,0,0,0,0,0,0,0,0,0,0,0,18,0,0,0,0,0,0,-51,-22,-32,10,-11,-9,-22,-9,-9,-9,-17,-9,-27,-18,-18,-18,-18,-18,-27,-27,-80,-80,-80,-80,-80,-80,-80,-80,-83,-39,-94,-89,-109,-103,-111,-112,-98,-98,-104,-81,-81,-81,-104,-78,-78,-78,-78,-64,-78,-78,-84,-78,-78,-86,-122,-78,-86,-64,-64,-64,-64,-64,-64,-64,-64,0,-64,-64,-64,-64,-64,-64,-64,-64,-64,-64,-79,-64,-64,-47,-79,-47,-79,-64,-64,-64,-78,-71,-96,-54,-96,-96,-96,-96,-139,-96,-96,-96,-96,-96,-96,-96,-96,-96,-96,-96,-96,-96,-96,-96,-96,-96,-96,-96,-96,-96,-96,-96,-96,-96,-96,-89,-96,-96,-96,-67,-96,-96,-96,-74,-96,-96,-96,-96,-96,-96,-96,-96,-96,-96,-96,-96,-96,-96,-96,-96,-96,-96,-96,-96,-96,-96,-142,-142,-135,-138,-177,-177,-284,-284,-307,-317,-377,-375,-354,-369,-426,-434,-595,-584,-912,-928,-29980,-29981,-29982,-29983,-29982,-29980,-29980,-29981,-29981,-29982,-29981,-29982]} 1. d4 Nf6 2. c4 e6 3. Nf3 d5 4. g3 Bb4+ 5. Bd2 Be7 6. Bg2 O-O 7. O-O Nbd7 8. Qc2 c6 9. Rd1 b6 10. Bf4 Ba6 {E08: Closed Catalan: Main Line: 7 Qc2} 11. cxd5 cxd5 12. Nc3 (12. Ne5 Nxe5 13. dxe5 Ng4 14. Bf3 f5 15. exf6 Nxf6 16. Qa4 Bb7 17. Nd2 Qe8 18. Qxe8 Rfxe8 {½-½ (29) Giri,A (2783)-Ding,L (2813) Wijk aan Zee 2019}) 12... b5 {The position is equal.} 13. a3 Rc8 14. Ne1 $146 ({Predecessor:} 14. Ne5 Bb7 15. Qd2 a6 16. b4 Nb6 17. Nd3 Nc4 18. Qe1 {0-1 (55) Shoboev,D (2237)-Drygalov,A (2465) Kazan 2018}) 14... Qb6 15. Bg5 b4 16. axb4 Bxb4 17. Bxf6 Nxf6 18. e3 Rc6 19. Nd3 Bxc3 20. bxc3 Bxd3 21. Rxd3 Rb8 22. Rdd1 Qc7 23. Ra3 h5 24. Rda1 Rb7 25. h4 g6 26. Bf3 Kg7 27. Kg2 Qb8 28. R1a2 Rbc7 29. Qc1 Rb6 30. Qc2 Kg8 31. Ra4 Rbc6 32. Qb2 Rb6 33. Qc2 Kg7 34. Ra5 Ne8 35. e4 dxe4 36. Bxe4 Nd6 37. Re5 ({White should try} 37. Rc5 $11) 37... Qc8 38. Qe2 Qd7 39. d5 exd5 40. Rxd5 Qe6 41. Bf3 Qxe2 42. Rxe2 Nb5 $36 {[%mdl 2048] Black is pushing.} 43. Re1 Nxc3 44. Ra5 Rb5 45. Ra6 Rb1 46. Re3 Rb2 47. Rd3 {[#]} (47. Re1 $11 {keeps the balance.}) 47... Na2 $1 $17 {[%cal Ra2b4]} 48. Rd1 Nb4 49. Ra4 Rcc2 50. Kg1 Rc3 51. Be4 Rc7 52. Rda1 ({White should play} 52. Kg2 $15) 52... a6 53. Rd1 Na2 {Threatens to win with ...Nc3.} 54. Ra3 Nc3 55. Re1 {[#]} a5 $1 {[%mdl 512]} 56. Re3 (56. Rxa5 Re7) 56... Nxe4 (56... Nd1 {looks sharper.} 57. Rf3 a4 58. Bd3 Rb4 59. Be2 Re7) 57. Rxe4 {[%mdl 4096] Endgame KRR-KRR} Rc5 58. Rf3 Rb7 59. Kg2 Rcb5 60. Ra4 Ra7 61. Rff4 Kf8 62. Rae4 Rb6 63. Ra4 Ke7 64. f3 Rb5 65. g4 Ke6 66. Ra3 Rd5 67. Kg3 Kd6 68. Rc4 Ra6 69. Rf4 {Rf6+ is the strong threat.} Ra7 70. Rc4 Kd7 71. Rf4 Kc6 72. Rc3+ Kd6 73. Ra3 Ke7 74. Re3+ Kf8 75. Ra3 Kg7 76. Rfa4 Kh6 77. Rf4 Rc5 78. Rd4 Kg7 79. Rda4 Rb5 80. Rf4 Rc7 81. Raa4 Rc3 82. Rad4 {White wants to play Rd7.} hxg4 83. Kxg4 Rc7 84. Ra4 Rc1 85. Kg3 Rd5 86. Ra3 Rc7 87. Rb3 Ra7 88. Ra3 Rb7 89. Rfa4 Rbb5 90. Re4 Kf8 91. Rc4 Rbc5 92. Re4 Re5 93. Rd4 Ke7 94. Rad3 Rc7 95. Ra3 Ra7 96. Rf4 Kd6 97. Rd3+ Kc6 98. Rc3+ Rc5 99. Ra3 Rd7 100. Rfa4 Kb6 101. Rf4 Rdc7 102. Rfa4 Rf5 103. Rb3+ Rb5 104. Rba3 Rcc5 105. Rd4 Rd5 106. Re4 Re5 107. Rd4 Rbd5 108. Rda4 Re7 109. Rf4 Ra7 110. Re4 Rb5 111. Raa4 Rc5 112. Ra3 Rf5 113. Rb3+ Rb5 114. Ra3 Rb4 {Hoping for ...Rxe4.} 115. Re8 a4 {[%cal Ba5a4,Ba4a3,Ba3a2][%mdl 32]} 116. Rb8+ (116. Rd8 {was necessary.}) 116... Ka5 $19 117. Re8 Rb3 118. Re5+ Kb4 119. Ra1 a3 120. h5 gxh5 121. Rxh5 Rb2 122. f4 a2 123. Rhh1 f5 {Black mates.} 124. Rhe1 Rg7+ 125. Kf3 Rbg2 {[%csl Gg2][%cal Rg7g3]} 126. Ke3 Re7+ 127. Kd3 Rxe1 128. Rxe1 Rb2 {Accuracy: White = 57%, Black = 70%.} 0-1

[Event "BL 2018-19"]
[Site "Berlin"]
[Date "2019.03.24"]
[Round "13.12"]
[White "Schramm, Christian"]
[Black "Orlov, Andrey"]
[Result "1/2-1/2"]
[WhiteElo "2371"]
[BlackElo "2497"]
[Annotator "TA"]
[PlyCount "44"]
[EventDate "2018.11.10"]
[EventType "team-tourn"]
[EventCountry "GER"]
[SourceTitle "playchess.com"]
[Source "ChessBase"]
[SourceQuality "1"]
[WhiteTeam "Zugzwang Muenchen"]
[BlackTeam "Duesseldorf"]

{[%evp 9,44,28,19,0,27,20,29,24,21,29,29,35,28,21,28,30,34,8,22,8,16,20,16,15,22,0,0,0,35,22,18,22,19,16,13,0,0]} 1. e4 d5 2. Nc3 dxe4 3. Nxe4 Nd7 4. g3 (4. d4 Ngf6 5. Bd3 Nxe4 6. Bxe4 Nf6 7. Bf3 c6 8. Ne2 Bg4 9. Bxg4 Nxg4 10. h3 Nf6 11. c4 e6 12. O-O {½-½ (55) Mamedyarov,S (2801)-Giri,A (2782) chess.com INT 2018}) 4... Ngf6 5. Nxf6+ Nxf6 6. Bg2 {A00: Irregular Openings} c6 7. Nf3 Bg4 $146 ({Predecessor:} 7... Bf5 8. O-O e6 9. d3 h6 10. b3 Bc5 11. Bb2 O-O 12. Qe2 {½-½ (34) Schmittdiel,E (2485)-Adams,M (2655) Germany 1995}) 8. h3 {White has an edge.} (8. O-O {looks sharper.} e6 9. d4 Be7 10. c4 O-O 11. h3) 8... Bxf3 9. Qxf3 e6 10. O-O Be7 11. Rd1 O-O 12. d4 Qb6 13. b3 a5 14. a4 Rfd8 15. Bb2 Nd5 {[%cal Bf6d5,Bd5e7,Be7f5][%mdl 32]} 16. h4 Bf6 17. Rd2 Ne7 18. Rad1 Nf5 {[%cal Rf5d4]} 19. Qg4 g6 {The position is equal.} 20. h5 Rd7 21. hxg6 hxg6 22. Be4 Rad8 {Accuracy: White = 57%, Black = 63%.} 1/2-1/2

[Event "BL 2018-19"]
[Site "Berlin"]
[Date "2019.03.10"]
[Round "13.13"]
[White "Libiszewski, Fabien"]
[Black "Blohberger, Felix"]
[Result "0-1"]
[WhiteElo "2481"]
[BlackElo "2434"]
[Annotator "TA"]
[PlyCount "76"]
[EventDate "2018.11.10"]
[EventType "team-tourn"]
[EventCountry "GER"]
[SourceTitle "playchess.com"]
[Source "ChessBase"]
[SourceQuality "1"]
[WhiteTeam "Viernheim"]
[BlackTeam "SF Berlin"]

{[%evp 11,76,6,20,0,0,-22,0,0,2,-16,27,0,0,-34,41,-43,28,27,25,-48,-42,-38,-51,-34,-35,-37,-37,-33,-51,-37,4,-45,-47,-86,-32,-73,0,-165,-160,-187,-216,-203,-160,-247,-239,-276,-273,-461,-451,-467,-455,-1331,-1330,-1100,-485,-477,-472,-504,-504,-510,-485,-555,-536,-526,-489,-483,-444]} 1. e4 c5 2. Nc3 e6 3. Nf3 a6 4. d4 cxd4 5. Nxd4 d6 6. Be3 Nf6 7. Qe2 {B80: Sicilian Scheveningen: 6 g3 and 6 Be3, including English Attack} (7. f3 h5 8. Be2 Qc7 9. O-O b5 10. Qd2 Nbd7 11. b4 d5 12. exd5 Bxb4 13. Ncxb5 axb5 14. Qxb4 Nxd5 15. Qd2 Nxe3 16. Qxe3 {½-½ (39) Vidit,S (2707)-Grandelius,N (2651) Malmo 2018}) 7... b5 8. f3 Bb7 9. g4 {The position is equal.} Nfd7 $146 (9... b4 {is more complex.} 10. Na4 Nfd7 11. Qf2 Be7 12. h4 O-O) ({Predecessor:} 9... h6 10. O-O-O Nbd7 11. a3 Rc8 12. Qe1 Qa5 13. Nb3 Qc7 14. Bf4 e5 {1-0 (41) Granovski,A (2340)-Moshensky,D (1925) Obninsk 2009}) 10. O-O-O Nc6 11. Nxc6 Bxc6 12. Bd4 Rc8 (12... b4 $15 13. Nb1 Qc7) 13. Kb1 (13. a3 $14) 13... b4 (13... Be7 $15) 14. Nd5 $1 $11 Bb5 15. Qe1 (15. Qe3 $1 $11) 15... Bxf1 16. Rxf1 exd5 17. exd5+ Be7 $1 {And now ...0-0 would win.} 18. Bxg7 Rg8 19. Bd4 Kf8 20. Qxb4 Qc7 21. Rf2 Rg6 22. Re2 Qc4 (22... Ne5 $17 23. Bxe5 dxe5) 23. Qe1 {[#] Threatens to win with b3.} Bf6 ({Black should try} 23... Bh4 $1 $17 {[%mdl 512]} 24. Qf1 (24. Qxh4 Qxe2) 24... Qb5) 24. c3 $2 {[#]} (24. b3 $11 Rb8 25. Kc1) 24... Qb5 $1 $19 25. Rc2 Bxd4 26. Rxd4 Ne5 $36 {[%mdl 2048] Keeping White busy.} 27. Qd1 {[#]} (27. Qf2 $17) 27... Rc4 $1 28. h4 Rf6 29. Qc1 $2 (29. Rxc4 Qxc4 30. b3) 29... Rxf3 {White must now prevent ...Rxd4.Black is clearly winning.} 30. Qh6+ Ke7 31. Rc1 (31. Rd1 $142) 31... Rf2 {[%csl Gf2][%cal Rb5b2]} 32. Rd2 Rxd2 (32... Rcf4 $142 33. Qg5+ Kd7) 33. Qxd2 Rxg4 34. Re1 Kd7 35. Qf2 {intending Rxe5!} Qxd5 36. Qa7+ Ke6 37. Qxa6 Kf6 38. Qe2 Rg2 {Accuracy: White = 18%, Black = 53%.} 0-1

[Event "BL 2018-19"]
[Site "Berlin"]
[Date "2019.03.24"]
[Round "13.13"]
[White "Miedema, David"]
[Black "Gerigk, Erasmus"]
[Result "1-0"]
[WhiteElo "2381"]
[BlackElo "2355"]
[Annotator "NA"]
[PlyCount "61"]
[EventDate "2018.11.10"]
[EventType "team-tourn"]
[EventCountry "GER"]
[SourceTitle "playchess.com"]
[Source "ChessBase"]
[SourceQuality "1"]
[WhiteTeam "Duesseldorf"]
[BlackTeam "Zugzwang Muenchen"]
[TimeControl "40/6000+30:3000+30"]

1. e4 {[%emt 0:00:00]} c5 {[%emt 0:00:00]} 2. Nf3 {[%emt 0:00:00]} Nc6 {[%emt 0:00:00]} 3. d4 {[%emt 0:00:00]} cxd4 {[%emt 0:00:00]} 4. Nxd4 {[%emt 0:00:00]} e5 {[%emt 0:00:02]} 5. Nb5 {[%emt 0:00:00]} d6 {[%emt 0:00:09]} 6. N1c3 {[%emt 0:00:00]} a6 {[%emt 0:00:10]} 7. Na3 {[%emt 0:00:00]} b5 {[%emt 0:00:10]} 8. Nd5 {[%emt 0:00:00]} Nge7 {[%emt 0:00:12]} 9. c4 {[%emt 0:00:04]} Nd4 {[%emt 0:00:19]} 10. cxb5 {[%emt 0:00:04]} Nxd5 {[%emt 0:00:19]} 11. exd5 {[%emt 0:00:04]} Bd7 {[%emt 0:01:54] B32: Sicilian: Löwenthal and Kalashnikov Variations} (11... Be7 12. Bd3 O-O 13. O-O f5 14. Be3 Nxb5 15. Nc4 Rb8 16. f3 Bb7 17. a4 Nd4 18. Bxd4 exd4 19. a5 Bxd5 20. Nb6 {0-1 (48) Martinez Alcantara,J (2561)-Naiditsch,A (2711) Linares 2018}) 12. bxa6 {[%emt 0:02:20]} Qa5+ {[%emt 0:00:14]} 13. b4 $146 {[%emt 0:16:41]} ({Predecessor:} 13. Bd2 Qxd5 14. Be3 Rb8 15. Nc4 Be7 16. Bxd4 exd4 17. Be2 Bc6 18. f3 Bh4+ 19. g3 {0-1 (35) Rodriguez Lopez,R (2312)-Reinaldo Castineira,R (2503) Gijon 2018}) 13... Qxb4+ {[%emt 0:15:07]} 14. Qd2 {[%emt 0:00:37]} Qa4 $2 {[%emt 0:01:52] [#]} (14... Qc5 $11 {and Black stays safe.}) 15. Rb1 $1 {[%emt 0:02:07]} Rc8 {[%emt 0:07:46]} 16. Bd3 {[%emt 0:00:19]} Be7 {[%emt 0:13:42]} 17. O-O {[%emt 0:00:43]} O-O {[%emt 0:03:12]} 18. Qb4 {[%emt 0:37:37]} Qxb4 {[%emt 0:40:27]} 19. Rxb4 {[%emt 0:00:25]} Rc3 {[%emt 0:03:56]} 20. Rd1 {[%emt 0:00:41]} Rfc8 {[%emt 0:03:07]} 21. Bb2 {[%emt 0:00:30]} R3c5 $18 {[%emt 0:00:59]} 22. Bxd4 {[%emt 0:04:22]} exd4 {[%emt 0:00:33]} 23. Nc4 {[%emt 0:10:06]} Bd8 {[%emt 0:02:59]} 24. Nxd6 {[%emt 0:09:00]} Rc1 {[%emt 0:00:13]} 25. Nxc8 {[%emt 0:06:51]} Rxd1+ {[%emt 0:00:31]} 26. Bf1 {[%emt 0:00:02]} d3 {[%emt 0:02:56]} 27. a7 {[%emt 0:04:11]} Bb5 {[%emt 0:04:39]} 28. Rd4 {[%emt 0:00:07]} d2 {[%emt 0:00:23]} 29. h4 {[%emt 0:02:25]} Rxf1+ {[%emt 0:01:04]} 30. Kh2 {[%emt 0:00:02]} Bc7+ {[%emt 0:01:45]} 31. d6 {[%emt 0:00:12]} 1-0

[Event "BL 2018-19"]
[Site "Berlin"]
[Date "2019.03.10"]
[Round "13.14"]
[White "Seyb, Alexander"]
[Black "Abergel, Thal"]
[Result "1/2-1/2"]
[WhiteElo "2416"]
[BlackElo "2425"]
[Annotator "TA"]
[PlyCount "40"]
[EventDate "2018.11.10"]
[EventType "team-tourn"]
[EventCountry "GER"]
[SourceTitle "playchess.com"]
[Source "ChessBase"]
[SourceQuality "1"]
[WhiteTeam "SF Berlin"]
[BlackTeam "Viernheim"]

{[%evp 14,40,24,6,33,29,29,29,41,38,40,40,81,67,82,70,64,22,31,32,32,0,2,24,6,0,0,-1,40]} 1. e4 c5 2. Nf3 d6 3. d4 cxd4 4. Nxd4 Nf6 5. Nc3 a6 6. Be3 Ng4 7. Bc1 Nf6 8. a3 g6 {B90: Sicilian Najdorf: Unusual White 6th moves, 6 Be3 Ng4 and 6 Be3 e5} (8... b5 9. f3 g6 10. Be3 Bg7 11. Qd2 h5 12. a4 b4 13. Na2 a5 14. c3 bxc3 15. Bb5+ Bd7 16. Nxc3 {1-0 (55) Alekseev,E (2639)-Fedoseev,V (2719) St Petersburg 2018}) 9. f3 Bg7 10. Be3 O-O {White has an edge.} 11. Qd2 Nc6 12. O-O-O Nxd4 13. Bxd4 Be6 14. g4 Qa5 15. Kb1 Rfc8 16. h4 b5 17. Ne2 $146 ({Predecessor:} 17. Nd5 Qxd2 18. Rxd2 Bxd5 19. exd5 Nd7 20. Bxg7 Kxg7 21. g5 h6 22. Bh3 {½-½ (20) Sindarov,J (2474)-Tutisani,N (2469) Batumi 2018}) 17... Qxd2 18. Rxd2 Nd7 19. Bxg7 Kxg7 20. Nd4 Ne5 {Accuracy: White = 69%, Black = 49%.} 1/2-1/2

[Event "BL 2018-19"]
[Site "Berlin"]
[Date "2019.03.24"]
[Round "13.14"]
[White "Hoffmeyer, Falk"]
[Black "Schuh, Dirk"]
[Result "1-0"]
[WhiteElo "2337"]
[BlackElo "2395"]
[Annotator "NA"]
[PlyCount "47"]
[EventDate "2018.11.10"]
[EventType "team-tourn"]
[EventCountry "GER"]
[SourceTitle "playchess.com"]
[Source "ChessBase"]
[SourceQuality "1"]
[WhiteTeam "Zugzwang Muenchen"]
[BlackTeam "Duesseldorf"]
[TimeControl "40/6000+30:3000+30"]

{[%evp 16,43,20,10,32767,12,44,32767,32767,32767,-2,-8,31,3,55,0,37,32767,32767,32767,79,22,49,-37,-23,-34,32767,32767,32767,403]} 1. d4 {[%emt 0:00:00]} g6 {[%emt 0:00:00]} 2. Nf3 {[%emt 0:00:00]} Bg7 {[%emt 0:00:00]} 3. Bg5 {[%emt 0:00:28]} d6 {[%emt 0:01:32]} 4. e3 {[%emt 0:00:29]} (4. c3 Nd7 5. Nbd2 f6 6. Bh4 Nh6 7. e4 O-O 8. Bc4+ Nf7 9. Bg3 e5 10. a4 Qe7 11. O-O a5 12. Re1 Rd8 {0-1 (44) Dvirnyy,D (2485)-Kadric,D (2554) Skopje 2018}) 4... Nd7 {[%emt 0:02:41]} 5. Be2 {[%emt 0:01:02]} h6 {[%emt 0:00:25]} 6. Bh4 {[%emt 0:00:20] A41: 1 d4 d6: Tartakower System and Modern Defence} g5 {[%emt 0:00:20]} 7. Bg3 {[%emt 0:00:07]} f5 $146 {[%emt 0:05:45]} ({Predecessor:} 7... e5 8. dxe5 dxe5 9. c3 Ne7 10. h3 O-O 11. Na3 {0-1 (28) Ui Laighleis,G (1985)-Porter,L Dublin 2008}) 8. Bd3 {[%emt 0:17:31]} e6 {[%emt 0:01:18]} 9. c3 {[%emt 0:01:12]} Ne7 {[%emt 0:01:05]} 10. Qc2 {[%emt 0:02:40]} Rf8 {[%emt 0:18:39]} 11. h3 {[%emt 0:06:24]} e5 {[%emt 0:01:52]} 12. Ng1 {[%emt 0:05:24]} f4 {[%emt 0:16:35]} 13. Bh2 {[%emt 0:00:48]} Nf6 {[%emt 0:09:39]} 14. dxe5 {[%emt 0:08:01]} dxe5 {[%emt 0:00:55]} 15. exf4 {[%emt 0:00:17]} exf4 {[%emt 0:04:05]} 16. Na3 {[%emt 0:01:32]} Qd5 {[%emt 0:02:01]} 17. O-O-O {[%emt 0:03:18]} Bf5 {[%emt 0:07:16] [#]} ({Stronger than} 17... Qxa2 18. Bc4 $16) (17... Qxg2 $11 18. Nb5 Qxh1 19. Nxc7+ Kf7 20. Bc4+ Ned5 21. Rxd5 Kg8 22. Rd1+ Kh8 23. Nxa8 b5) 18. Bxf5 {[%emt 0:04:42]} (18. Qa4+ $1 $16 c6 19. Bxf5 Qxf5 20. Nc4) 18... Qxf5 {[%emt 0:00:26]} 19. Qb3 {[%emt 0:01:20]} (19. Qe2 $14) 19... Ne4 {[%emt 0:01:33]} 20. Nb5 {[%emt 0:03:24]} Be5 {[%emt 0:02:14]} 21. Nf3 {[%emt 0:03:43]} Rf6 {[%emt 0:08:28]} 22. Rhe1 $18 {[%emt 0:05:53]} Nc5 {[%emt 0:15:08]} 23. Qc4 {[%emt 0:05:06]} Bd6 {[%emt 0:00:38]} 24. Rd5 {[%emt 0:07:44]} 1-0

[Event "BL 2018-19"]
[Site "Berlin"]
[Date "2019.03.24"]
[Round "13.15"]
[White "Harff, Marcel"]
[Black "Eichler, Christoph"]
[Result "1-0"]
[WhiteElo "2411"]
[BlackElo "2315"]
[Annotator "TA"]
[PlyCount "81"]
[EventDate "2018.11.10"]
[EventType "team-tourn"]
[EventCountry "GER"]
[SourceTitle "playchess.com"]
[Source "ChessBase"]
[SourceQuality "1"]
[WhiteTeam "Duesseldorf"]
[BlackTeam "Zugzwang Muenchen"]

{[%evp 9,81,7,33,7,24,0,0,0,25,26,31,21,46,54,57,35,51,43,75,54,87,48,59,59,79,83,114,130,120,83,104,83,107,61,70,26,26,15,58,69,59,-14,0,-15,77,77,70,71,75,79,112,93,127,75,306,305,433,414,425,431,501,455,502,506,512,494,462,455,707,700,734,729,942,941]} 1. c4 e6 2. Nf3 d5 3. e3 Nf6 4. b3 Nbd7 5. Bb2 c6 6. Qc2 {A06: Réti Opening:1 Nf3 d5} Bd6 7. Nc3 Qe7 (7... a6 8. d4 O-O 9. Bd3 e5 10. cxd5 cxd5 11. dxe5 Nxe5 12. Nxe5 Bxe5 13. Ne2 Qd6 14. Bxe5 Qxe5 15. Qc3 Qd6 16. f3 Bd7 17. Kf2 {1-0 (34) Wei,Y (2734)-Wang,H (2710) Tianjin 2018}) 8. Be2 {The position is equal.} a6 9. d4 O-O 10. O-O dxc4 11. bxc4 e5 12. a4 Re8 13. Rfd1 e4 14. Nd2 Nf8 15. Nf1 Bf5 16. Qb3 Rad8 17. Ba3 Bc8 $146 ({Predecessor:} 17... h5 18. Bxd6 Rxd6 {½-½ (66) Schmidt,W (2320)-Walther,C (2152) Germany 2005}) 18. Bxd6 Qxd6 19. Qa3 Qc7 20. a5 h5 21. Qb4 h4 22. Rab1 h3 23. g3 Qd7 24. Na4 Qf5 25. Nc5 ({White should try} 25. Nb6 $14) 25... Ng4 $11 26. Qe1 $1 Re7 (26... Ne6 $1 $11) 27. Nd2 $16 Nf6 28. Rb2 Ne6 29. Nxe6 Rxe6 30. Nb3 Nd7 31. d5 (31. Rdb1 $142) 31... Rd6 $2 {[#]} (31... Rh6 $16) 32. dxc6 $1 $18 Rxd1 (32... Rxc6 {is a better defense.} 33. Nd4 {[%mdl 64] Double Attack} Qc5 34. Nxc6 Qxc6) 33. Qxd1 ({Stronger than} 33. Bxd1 bxc6 34. Rd2 Qf6 $11) 33... bxc6 {[#]} 34. Rd2 $1 {[%cal Bb2d2,Bd2d6,Bd6c6,Bc6a6,Ba6e6][%mdl 32] White is clearly winning.} Qe5 35. Bg4 f5 36. Bxh3 g6 37. Rd6 Kf7 38. Rxc6 Ke7 (38... Qe8 $142 39. Rc7 Kg8 40. Qd5+ Kh8) 39. Nd4 Nf6 {[#]} 40. Rxa6 $3 {[%mdl 512] Threatens to win with Nc6+.} Bd7 {[#]} (40... Bxa6 41. Nc6+) 41. Re6+ $1 {[%mdl 512] Accuracy: White = 66%, Black = 38%.} 1-0

[Event "BL 2018-19"]
[Site "Berlin"]
[Date "2019.03.10"]
[Round "13.15"]
[White "Markert, Malte"]
[Black "Florstedt, Johannes"]
[Result "1/2-1/2"]
[WhiteElo "2330"]
[BlackElo "2337"]
[Annotator "TA"]
[PlyCount "77"]
[EventDate "2018.11.10"]
[EventType "team-tourn"]
[EventCountry "GER"]
[SourceTitle "playchess.com"]
[Source "ChessBase"]
[SourceQuality "1"]
[WhiteTeam "Viernheim"]
[BlackTeam "SF Berlin"]

{[%evp 22,77,22,11,12,8,10,15,14,14,15,10,10,-4,0,0,0,0,0,0,0,0,0,-10,0,0,0,-31,-20,-40,0,-20,-16,-62,-51,-58,-53,-59,-37,-68,0,0,0,0,0,0,0,0,0,0,0,0,0,0,0,0,0,0]} 1. d4 Nf6 2. c4 g6 3. Nc3 d5 4. cxd5 Nxd5 5. e4 Nxc3 6. bxc3 Bg7 7. Bc4 c5 8. Ne2 Nc6 9. Be3 O-O 10. O-O Na5 11. Bd3 b6 12. Qd2 e5 {[%cal Re5d4] D87: Exchange Grünfeld: Classical Line: Variations without ...cxd4} 13. Bg5 Qd7 {[%cal Re5d4]} 14. Bh6 cxd4 15. cxd4 exd4 16. Bxg7 Kxg7 {[#]} 17. Qb2 $146 ({Predecessor:} 17. f4 f6 18. f5 Qd6 19. e5 Qxe5 20. fxg6 hxg6 {½-½ (53) Langeveld,R (2694)-Sogaard,O (2548) ICCF email 2009}) 17... Rd8 18. Rad1 Kg8 19. Bb5 Qe7 20. Nxd4 Bb7 21. Rfe1 Rac8 22. Bf1 Nc4 23. Qb3 Qc5 $36 {[%mdl 2048] Black is more active.} 24. Nf3 Rxd1 25. Qxd1 b5 26. h3 a6 27. Qc1 Ne5 28. Qf4 Nxf3+ 29. Qxf3 Qc2 30. a3 Rc3 (30... Re8 $15) 31. Qf6 $11 {The position is equal.} Rc8 32. e5 Qd2 33. e6 Qxe1 34. Qxf7+ {[%mdl 64] [#] Double Attack} Kh8 {And now ...Qe5 would win.} 35. Qf6+ Kg8 36. Qf7+ {[%mdl 64] Double Attack} Kh8 {Threatens to win with ...Qe5.} 37. Qf6+ Kg8 {Hoping for ...Rf8.} 38. Qf7+ {[%mdl 64] [#] Double Attack} Kh8 {aiming for ...Qe5.} 39. Qf6+ {Accuracy: White = 59%, Black = 76%.} 1/2-1/2

[Event "BL 2018-19"]
[Site "Berlin"]
[Date "2019.03.10"]
[Round "13.16"]
[White "Schmidek, Emil"]
[Black "Heinemann, Josefine"]
[Result "1-0"]
[WhiteElo "2387"]
[BlackElo "2329"]
[Annotator "TA"]
[PlyCount "83"]
[EventDate "2018.11.10"]
[EventType "team-tourn"]
[EventCountry "GER"]
[SourceTitle "playchess.com"]
[Source "ChessBase"]
[SourceQuality "1"]
[WhiteTeam "SF Berlin"]
[BlackTeam "Viernheim"]

{[%evp 20,83,6,0,34,28,49,18,10,11,20,13,17,36,26,25,41,32,60,24,37,5,113,47,106,111,106,106,109,68,73,48,43,59,62,16,16,16,18,18,24,0,0,0,0,-33,0,-20,66,60,197,0,106,110,116,103,91,101,1776,247,29990,29991,29991,29992,29994,29995]} 1. e4 e5 2. Nf3 Nc6 3. Bb5 a6 4. Ba4 Nf6 5. d3 b5 6. Bb3 Bc5 7. O-O d6 8. a4 Rb8 9. axb5 axb5 10. Nc3 {C78: Ruy Lopez: Archangelsk and Möller Defences} (10. c3 O-O 11. Re1 h6 12. Nbd2 Bb6 13. Nf1 {½-½ (13) Sasikiran,K (2666)-Sethuraman,S (2657) Yerevan 2018}) 10... h6 11. Be3 {LiveBook: 3 Games} Nd4 $146 ({Predecessor:} 11... Bxe3 12. fxe3 O-O 13. Qe1 b4 14. Nd5 Nxd5 15. exd5 {0-1 (43) Arngrimsson,D (2396)-Lagerman,R (2351) Bolungarvik 2009}) 12. Bxd4 $1 {White is slightly better.} exd4 13. Nd5 (13. Ne2 {keeps more tension.} Bg4 14. Ng3 O-O 15. h3 Bd7 16. Qd2) 13... Nxd5 14. Bxd5 O-O 15. Nd2 Bd7 16. f4 {[%cal Bf2f4,Bf4f5][%mdl 32]} c6 17. Bb3 Kh7 18. f5 Qf6 19. Nf3 Rbe8 20. g4 g5 (20... d5 $11 21. exd5 Qd6) 21. Qd2 (21. Qe1 $16) 21... Rg8 (21... d5 $1 $14) 22. Kh1 $16 Rg7 23. Rg1 Kg8 24. h4 d5 $1 25. e5 Rxe5 $1 26. Nxe5 Qxe5 27. Rae1 Qf6 28. h5 Kh7 29. Rgf1 {[%cal Bg1f1,Bf1f2,Bf2e2][%mdl 32]} Rg8 30. c4 bxc4 31. dxc4 Rb8 32. Qd3 Kg7 33. Rf2 dxc4 ({Black should play} 33... Bc8 $11) 34. Bxc4 $14 ({Of course not} 34. Qxc4 Bd6 $15) 34... Bd6 {[#]} ({Black should try} 34... Rf8 $14) 35. Ra1 $2 (35. Bxf7 $1 $18 {[%mdl 512] Be6 is the strong threat.} c5 (35... Qxf7 36. Qxd4+) 36. Bc4) 35... Be5 (35... c5 $11 {remains equal.}) 36. Ra7 $16 Rd8 37. b4 Bf4 {[#]} 38. Re2 $1 $36 {[%mdl 2048] White has strong initiative.} Qd6 $2 {[%mdl 8192] [#]} (38... Bb8 $16 39. Rb7 Qd6) 39. Be6 $2 (39. Re6 $3 {[%mdl 512]} Qe5 (39... Bxe6 40. fxe6) 40. f6+ Qxf6 41. Rxf6 Kxf6 42. Qh7) 39... Bxe6 $2 (39... Kf6 $18 40. Ba2 Qxb4) 40. fxe6 {White mates.} Qd5+ 41. Kg1 Be3+ 42. Rxe3 {Precision: White = 37%, Black = 36%.} 1-0